000 00606nam a2200217 a 4500
005 20140310183141.0
008 021017s19uu xx 00 eng d
020 _a0751306312
050 _aHD 30.23
_b.H4465 1998
100 _aHeller, Robert
245 _aMaking decisions /
_cRobert Heller.
260 _aLondon :
_bDorling kindersley,
_c1998.
300 _a72 p. :
_bill. col. ;
_c18 cm.
521 _aBSBA
650 _aDecision making
650 _aIndustrial management
_xdecision making
650 _aLeadership
650 _aStrategic management
942 _cBK
_2lcc
_kFOR
999 _c19400
_d19400